[Event "Rector Cup w"]
[Site "Kharkiv UKR"]
[Date "2007.03.23"]
[Round "7"]
[White "Gorbatenko,K"]
[Black "Komiagina,M"]
[Result "1-0"]
[WhiteElo "2082"]
[BlackElo "2288"]

1.Nf3 Nf6 2.c4 g6 3.d4 Bg7 4.Nc3 d6 5.e4 O-O 6.Be2 e5 7.d5 Na6 8.Be3 Qe8
9.Nd2 Nd7 10.O-O f5 11.exf5 gxf5 12.f4 Bh6 13.Kh1 Qe7 14.Rf3 Kh8 15.a3 Bg7
16.Rc1 Nac5 17.b4 Ne4 18.Ndxe4 fxe4 19.Rf1 a5 20.f5 axb4 21.axb4 Nb6 22.c5 Nd7
23.Nxe4 Nf6 24.Qd3 Ra2 25.cxd6 cxd6 26.Bg5 Bd7 27.Qc4 Ra4 28.Rc3 Raa8 29.Rh3 Rac8
30.Qd3 Ba4 31.Qe3 Bc2 32.Bd3 Bb3 33.Bxf6 Bxf6 34.Nxf6 Rxf6 35.Be4 Bc4 36.Rc1 b5
37.Ra1 Rc7 38.Qg5 Rf8 39.f6 Qd7 40.Rxh7+ Qxh7 41.Bxh7 Rxh7 42.Rd1 Be2 43.Rc1 Bd3
44.Rc3 Be4 45.Rg3 Bxd5 46.Qg7+ Rxg7 47.fxg7+ Kg8 48.gxf8=Q+ Kxf8 49.Rd3 Bc4
50.Rxd6 Ke7 51.Rd1 Kf6 52.Kg1 Kf5 53.Kf2 Kf4 54.g3+ Ke4 55.Rd8 Be6 56.h4 Bf7
57.g4 Be6 58.g5 Kf5 59.Ke3 Bc4 60.Rf8+  1-0

[Event "Open"]
[Site "Zagreb CRO"]
[Date "2007.03.23"]
[Round "7"]
[White "Lalic,B"]
[Black "Zivkovic,Vj"]
[Result "1/2-1/2"]
[WhiteElo "2522"]
[BlackElo "2441"]

1.d4 Nf6 2.c4 g6 3.Nc3 Bg7 4.e4 d6 5.Nf3 O-O 6.Be2 e5 7.Be3 Ng4 8.Bg5 f6
9.Bc1 f5 10.exf5 Bxf5 11.Bg5 Qe8 12.O-O Nc6 13.h3 Nf6 14.d5 Nd8 15.Be3 Nf7
16.c5 Qe7 17.cxd6 cxd6 18.Qd2 a6 19.Rac1 Rac8 20.Na4 Rxc1 21.Rxc1 Rc8 22.Rxc8+ Bxc8
23.Qc1 Bf5 24.Nb6 Qd8  1/2-1/2

[Event "Open"]
[Site "Zagreb CRO"]
[Date "2007.03.23"]
[Round "7"]
[White "Soldo,R"]
[Black "Bilic,Ma"]
[Result "0-1"]
[WhiteElo "2151"]
[BlackElo "2352"]

1.Nf3 Nf6 2.c4 g6 3.Nc3 Bg7 4.e4 d6 5.d4 O-O 6.Be2 Nbd7 7.O-O e5 8.Be3 c6
9.d5 c5 10.Ne1 Kh8 11.Nd3 Ng8 12.Nb5 Qe7 13.b4 b6 14.a4 a6 15.Nc3 a5 16.bxc5 bxc5
17.Rb1 Bh6 18.Bxh6 Nxh6 19.Qd2 Ng8 20.f4 exf4 21.Qxf4 Ba6 22.Nb5 Bxb5 23.Rxb5 Ngf6
24.Rb7 Rfb8 25.Rfb1 Nxe4 26.Bf3 f5 27.Bxe4 Rxb7 28.Rxb7 fxe4 29.Qe3 Rf8 30.h3 Rf7
31.Nf2 Qf6 32.Nxe4 Qa1+ 33.Kh2 Qe5+ 34.Kg1 Kg7 35.Qd3 h6 36.Ra7 Re7 37.Qc3 Qxc3
38.Nxc3 Kf6 39.Rxa5 Nb6 40.Ra6 Nxc4 41.Kf2 Ke5 42.Ra8 Kd4 43.Nb5+ Kxd5 44.a5 Kc6
45.Nc3 Re3 46.Ra6+ Kb7 47.Rb6+ Nxb6 48.Kxe3 Nc8 49.Ke4 Ka6 50.Kd5 Kxa5 51.Ne4 Kb4
52.Nd2 Nb6+ 53.Ke6 d5 54.g4 d4 55.Kf6 c4  0-1

[Event "ch-KAZ"]
[Site "Astana KAZ"]
[Date "2007.03.24"]
[Round "5"]
[White "Kozlov,R"]
[Black "Gnusarev,P"]
[Result "0-1"]
[WhiteElo "2350"]
[BlackElo "2426"]

1.d4 Nf6 2.c4 g6 3.Nc3 Bg7 4.e4 d6 5.Nf3 O-O 6.Be2 e5 7.d5 a5 8.Nd2 Na6 9.h4 Nc5
10.h5 c6 11.g4 cxd5 12.cxd5 b5 13.g5 Nxh5 14.Bxh5 b4 15.Na4 Nd3+ 16.Kf1 Nf4
17.Bf3 Ba6+ 18.Kg1 Qxg5+ 19.Kh2 f5 20.Nf1 fxe4 21.Bxe4 Bxf1 22.Qxf1 Qh5+
23.Kg3 Ne2+ 24.Qxe2 Qxe2 25.f3 Rac8 26.Bg5 Rc2 27.Raf1 Qg2+ 28.Kh4 Rf4+  0-1

[Event "66th ch-GEO"]
[Site "Tbilisi GEO"]
[Date "2007.03.24"]
[Round "10"]
[White "Mchedlishvili,M"]
[Black "Kacheishvili,G"]
[Result "1-0"]
[WhiteElo "2583"]
[BlackElo "2587"]

1.d4 Nf6 2.Nf3 g6 3.c4 Bg7 4.Nc3 O-O 5.e4 d6 6.Be2 e5 7.Be3 Ng4 8.Bg5 f6
9.Bc1 Nc6 10.d5 Ne7 11.h3 Nh6 12.h4 Nf7 13.h5 c5 14.Be3 Bd7 15.hxg6 hxg6
16.g3 a6 17.Kf1 f5 18.Kg2 fxe4 19.Nxe4 Nf5 20.Bg5 Nxg5 21.Nfxg5 Qe7 22.Rh7 Nd4
23.Bg4 Rf5 24.Qh1 Rxg5 25.Bxd7 Rf5 26.Bxf5 gxf5 27.Nd2 b5 28.Qh4 Qxh4 29.Rxh4 e4
30.Rah1 Re8 31.Nf1 bxc4 32.Ne3 Re5 33.Rh5 Kf7 34.g4 Kg6 35.Kf1 Bf6 36.Nxc4 Rxd5
37.Nb6 Re5 38.Nd7 Bg7 39.Nxe5+ Bxe5 40.b3 f4 41.Rxe5 dxe5 42.Rh8 Kg5 43.Rg8+ Kh4
44.g5 Nf3 45.g6 Kg5 46.g7 Kf6 47.Ra8 Kxg7 48.Rxa6 Nd4 49.Rb6 Kf7 50.a4 Ke7
51.a5  1-0

[Event "Open"]
[Site "Zagreb CRO"]
[Date "2007.03.24"]
[Round "8"]
[White "Jovanic,O"]
[Black "Plenkovic,Z"]
[Result "1/2-1/2"]
[WhiteElo "2463"]
[BlackElo "2366"]

1.d4 Nf6 2.c4 g6 3.Nc3 Bg7 4.e4 d6 5.Nf3 O-O 6.Be2 e5 7.Be3 exd4 8.Nxd4 Re8
9.f3 Nc6 10.O-O Nh5 11.Qd2 Nf4 12.Rfd1 f5 13.Bf1 Ne6 14.Nxe6 Bxe6 15.exf5 Bxf5
16.Bg5 Qd7 17.Nd5 Qf7 18.Re1 Be6 19.Rad1 Nd4 20.b3 c5 21.Nc3 Rf8 22.Bd3 Rae8
23.Be4 Qd7 24.Nd5 Kh8 25.Qd3 b6 26.Kh1 Bxd5 27.Bxd5 Rxe1+ 28.Rxe1 Re8 29.Re4 h6
30.Bf4 g5 31.Bg3 Bf6 32.h3 Kg7 33.f4 Rxe4 34.Qxe4 Qe7 35.fxg5 hxg5 36.Qxe7+ Bxe7
37.Be1 Bf6 38.Kg1 Nc2 39.Bd2 Bd4+ 40.Kf1 Be3 41.Bc3+ Bd4 42.Bd2 Be3 43.Bc3+ Bd4
44.Bxd4+ Nxd4 45.Kf2 Kf6 46.Be4 b5 47.g3 a5 48.h4 gxh4 49.gxh4 b4 50.Ke3 Ne6
51.Bd3 Nc7 52.Ke4 Ne6 53.Bc2 Nd4 54.Bd3 Ne6 55.Ke3 Nd4 56.Kf4 Ne6+ 57.Ke4 Nc7
58.Be2 Kg6 59.Bg4 Kf6 60.Bf5 Ne8 61.Bd7 Nc7 62.Bg4 Kg6 63.Bf3 Kf6 64.Bd1 Kg6
65.Bg4 Kf6 66.Bd1 Kg6 67.Bf3 Kf6 68.h5 Kg5 69.Bd1 Kf6 70.Bf3 Kg5 71.Bd1 Kf6
72.Be2 Kg5  1/2-1/2

[Event "zt 2.5 m"]
[Site "San Luis ARG"]
[Date "2007.03.25"]
[Round "9"]
[White "Di Benedetto,G"]
[Black "Quiroga,S"]
[Result "1-0"]
[WhiteElo "2308"]
[BlackElo "2260"]

1.d4 Nf6 2.c4 g6 3.Nc3 Bg7 4.e4 d6 5.Be2 O-O 6.Nf3 e5 7.O-O Nbd7 8.Be3 Ng4
9.Bg5 f6 10.Bh4 g5 11.Bg3 Nh6 12.Qd2 Nf7 13.d5 a5 14.Ne1 Nc5 15.f3 f5 16.exf5 Bxf5
17.Nd3 b6 18.Nxc5 bxc5 19.Bd3 Bxd3 20.Qxd3 Rb8 21.Rab1 Nh6 22.Ne4 Nf5 23.b3 h6
24.Qd2 Ra8 25.a3 Ne7 26.b4 axb4 27.axb4 cxb4 28.Rxb4 Ng6 29.c5 Nf4 30.Bf2 dxc5
31.Bxc5 Rf7 32.Rd1 Rd7 33.Nc3 Ra5 34.Rc4 Bf8 35.d6 Bxd6 36.Kh1 Qa8 37.Ne4 Kg7
38.h3 Qa6 39.Rc2 Ra1 40.Rxa1 Qxa1+ 41.Rc1 Qa6 42.Bxd6 cxd6 43.Rd1 Ne6 44.Nxd6 Nd4
45.Nf5+ Kg6 46.Ng3 Re7 47.Qe3 Qf6 48.Qe4+ Kf7 49.Ra1 Qg6 50.Qa8 Qc6 51.Qh8 Qf6
52.Qd8 Nc6 53.Qd5+ Qe6 54.Qe4 Ke8 55.Ra6 Rc7 56.Nf5 Kd7 57.Ng7 Qf7 58.Qg4+ Ke7
59.Nf5+ Kf6 60.Qe4 Qd7 61.Nxh6 Qd4 62.Kh2 Qd1 63.Ng4+ Ke6 64.Nxe5  1-0

[Event "Open"]
[Site "Zagreb CRO"]
[Date "2007.03.25"]
[Round "9"]
[White "Lalic,B"]
[Black "Bilic,Ma"]
[Result "1-0"]
[WhiteElo "2522"]
[BlackElo "2352"]

1.d4 Nf6 2.c4 g6 3.Nc3 Bg7 4.e4 d6 5.Nf3 O-O 6.Be2 e5 7.O-O exd4 8.Nxd4 Re8
9.f3 Nc6 10.Be3 Nh5 11.Qd2 Nf4 12.Rf2 Nxe2+ 13.Rxe2 Ne5 14.b3 c6 15.Rc1 Qd7
16.Rd1 b6 17.h3 f6 18.f4 Nf7 19.f5 Qb7 20.fxg6 hxg6 21.Qe1 Ne5 22.Qg3 Qf7
23.Rf2 Bb7 24.Nf3 Bf8 25.Rdf1 Nxf3+ 26.Rxf3 Re6 27.e5 f5 28.Rxf5 Qg7 29.Rf6 Rae8
30.Ne4 dxe5 31.Bg5 Qh8 32.Qf2  1-0

[Event "Vladimir Zak mem"]
[Site "St Petersburg RUS"]
[Date "2007.03.27"]
[Round "4"]
[White "Kryschilovskij,A"]
[Black "Kazakevich,G"]
[Result "1-0"]
[WhiteElo "2339"]
[BlackElo "2115"]

1.d4 Nf6 2.Nf3 d6 3.c4 g6 4.Nc3 Bg7 5.e4 O-O 6.Be2 e5 7.O-O Nbd7 8.Qc2 Re8
9.d5 a5 10.Bg5 h6 11.Bh4 Nc5 12.Nd2 Bd7 13.Rab1 Qc8 14.Rbe1 Nh7 15.Kh1 f5
16.exf5 Bxf5 17.Nde4 Rf8 18.f3 Nxe4 19.fxe4 Bg4 20.Rxf8+ Nxf8 21.Bf1 Nh7
22.Bf2 b6 23.Be3 Nf6 24.Be2 Bxe2 25.Qxe2 Qg4 26.h3 Qxe2 27.Rxe2 Rf8 28.g4 Rf7
29.Kg2 g5 30.b3 Kf8 31.a3 Ng8 32.Nb5 Ke8 33.b4 axb4 34.axb4 Nf6 35.Bxb6 cxb6
36.Nxd6+ Ke7 37.Nxf7 Kxf7 38.Ra2 Bf8 39.Ra7+ Ke8 40.Ra8+ Kf7 41.Rb8 Nd7 42.Rd8 Ke7
43.Rc8 Kf7 44.Rc7 Ke8 45.b5 Bc5 46.Rc6 Kf7 47.Kf3 Nf6 48.Re6 Bd4 49.Rc6 Bc5
50.Rc7+ Kg6 51.Rc6 Kf7 52.Rc7+ Kg6 53.Rc8 Kf7 54.Rc6 Bd4 55.Rc7+ Ke8 56.d6 Nd7
57.Rc8+ Kf7 58.Rh8  1-0

[Event "Spring Open"]
[Site "Belgrade SRB"]
[Date "2007.03.28"]
[Round "3"]
[White "Mihic,B"]
[Black "Maksimovic,Mir"]
[Result "1-0"]
[WhiteElo "2369"]
[BlackElo "2219"]

1.d4 Nf6 2.c4 g6 3.Nc3 Bg7 4.e4 d6 5.Nf3 O-O 6.Be2 e5 7.O-O Na6 8.Re1 c6
9.Bf1 Bg4 10.Be3 Nb4 11.dxe5 dxe5 12.Bc5 Bxf3 13.gxf3 Na6 14.Bxf8 Qxf8 15.f4 Nh5
16.fxe5 Bxe5 17.Qf3 Nc5 18.Rad1 Qe7 19.Ne2 Ne6 20.Bh3 Nef4 21.Nxf4 Nxf4 22.Rd7 Qh4
23.Bg2 g5 24.h3 h5 25.Kf1 g4 26.hxg4 hxg4 27.Qg3 Qg5 28.Bf3 Nd3 29.Qxg4 Qxg4
30.Bxg4 Nxe1 31.Kxe1 Bxb2 32.Rxb7 Bd4 33.Bd7 c5 34.Bc6 Rf8 35.Rxa7 Kg7 36.Ke2 Kg6
37.f4 Rh8 38.Kf3 f5 39.exf5+ Kxf5 40.Be4+ Kf6 41.Ra6+ Ke7 42.a4 Rh1 43.f5 Ra1
44.Re6+ Kf7 45.Bc6 Rf1+ 46.Ke4 Bc3 47.Bd5 Kg7 48.Rc6 Bb4 49.Rg6+  1-0

[Event "Vladimir Zak mem"]
[Site "St Petersburg RUS"]
[Date "2007.03.28"]
[Round "5"]
[White "Bystryakova,E"]
[Black "Eliseev,Alexe"]
[Result "0-1"]
[WhiteElo "2189"]
[BlackElo "2424"]

1.d4 d6 2.Nf3 Nd7 3.c4 e5 4.Nc3 Ngf6 5.e4 g6 6.Be2 Bg7 7.O-O O-O 8.Be3 c6
9.d5 c5 10.Ne1 Ne8 11.Rb1 f5 12.Nd3 f4 13.Bd2 h5 14.b4 b6 15.bxc5 bxc5 16.Qa4 Nb6
17.Qa5 Bh3 18.Ne1 Bc8 19.Na4 Bd7 20.Nxb6 axb6 21.Qxb6 Qxb6 22.Rxb6 Rxa2 23.Nf3 Bf6
24.Rfb1 g5 25.R1b2 Rxb2 26.Rxb2 g4 27.Ne1 Bd8 28.Bd1 Nf6 29.f3 Kf7 30.Ra2 Rg8
31.Kf1 h4 32.Ra7 Be7 33.Ba4 Bxa4 34.Rxa4 h3 35.gxh3 gxf3 36.Nxf3 Nxe4 37.Be1 Kg6
38.Ra7 Bf6 39.Rd7 Kf5 40.h4 Ra8 41.Ke2 Ra2+ 42.Kd3 Ra3+ 43.Ke2 Re3+  0-1

[Event "Vladimir Zak mem"]
[Site "St Petersburg RUS"]
[Date "2007.03.30"]
[Round "7"]
[White "Kozlov,M2"]
[Black "Kosov,Ig"]
[Result "1-0"]
[WhiteElo "2126"]
[BlackElo "1745"]

1.Nf3 Nf6 2.d4 g6 3.c4 Bg7 4.Nc3 O-O 5.e4 d6 6.Be2 Nbd7 7.O-O e5 8.Re1 Ne8
9.dxe5 Nxe5 10.Nxe5 Bxe5 11.f4 Bg7 12.Bf3 Nf6 13.Be3 Be6 14.Nd5 c6 15.Nxf6+ Bxf6
16.Qc2 Qc7 17.Rad1 Rad8 18.g4 Bg7 19.f5 Bc8 20.Bg5 f6 21.Bf4 g5 22.Bg3 Qb6+
23.Kg2 d5 24.exd5 cxd5 25.Rxd5 Rxd5 26.Bxd5+ Kh8 27.Re7  1-0

[Event "Vladimir Zak mem"]
[Site "St Petersburg RUS"]
[Date "2007.03.31"]
[Round "8"]
[White "Krylov,K"]
[Black "Zhukov,Dm"]
[Result "1-0"]
[WhiteElo "2215"]
[BlackElo "2176"]

1.d4 Nf6 2.c4 g6 3.Nc3 Bg7 4.e4 d6 5.Nf3 O-O 6.Be2 Nbd7 7.O-O e5 8.Qc2 exd4
9.Nxd4 Re8 10.Rd1 Nc5 11.f3 a5 12.Be3 c6 13.Nxc6 bxc6 14.Bxc5 Bf8 15.Qd2 Re6
16.Bf2 Qc7 17.Rac1 Ba6 18.Nd5 Qb7 19.Nxf6+ Rxf6 20.Bd4 Re6 21.Bc3 Rae8 22.Bd3 a4
23.f4 Qb8 24.f5 gxf5 25.Qg5+ Rg6 26.Qxf5 Bh6 27.Rf1 Qa7+ 28.Kh1 Bc8 29.Qh5 Bg4
30.Qh4 Bxc1 31.e5 dxe5 32.Bxg6 hxg6 33.Rxc1 Bf5 34.Re1 Qc5 35.Rd1 Qe7 36.Qh6 Rd8
37.Re1 f6 38.Qh4 g5 39.Qg3 Kg7 40.Qf3 Qe6 41.Qe3 Bg6 42.Qa7+ Bf7 43.b3 axb3
44.axb3 Rd3 45.Qa5 Qf5 46.Qa1 Qe6 47.Kg1 Qd6 48.Qc1 Qc5+ 49.Kh1 Bg6 50.Rf1 Qe3
51.Qa3 Qf2 52.Qa1 Qe3 53.Qa3 Qf2 54.Qa1 Qe3 55.Bb4 Rd7 56.Qa8 Qe2 57.Qf8+ Kh7
58.Rg1 Be4 59.Bc5 Kg6 60.Qe8+ Rf7 61.Qg8+ Rg7 62.Qe8+ Rf7 63.Qh8 Rh7 64.Qg8+ Rg7  1-0

[Event "Vladimir Zak mem"]
[Site "St Petersburg RUS"]
[Date "2007.03.31"]
[Round "8"]
[White "Kryschilovskij,A"]
[Black "Utkin,Alek"]
[Result "1/2-1/2"]
[WhiteElo "2339"]
[BlackElo "2374"]

1.d4 d6 2.Nf3 Nf6 3.c4 g6 4.Nc3 Bg7 5.e4 O-O 6.Be2 Nbd7 7.O-O e5 8.Qc2 c6
9.d5 c5 10.Bg5 h6 11.Bd2 Nh7 12.Qc1 g5 13.Ne1 Ndf6 14.Nc2 Kh8 15.h3 Rg8 16.Qd1 Nf8
17.Ne3 Ng6 18.Bg4 Nf4 19.Kh2 a6 20.a4 Rf8 21.g3 Ng6 22.Bf5 Bd7 23.Kg2 Rb8
24.Bxd7 Qxd7 25.Qf3 Ne7 26.g4 Ng6 27.Kh2 Nf4 28.Nf5 Ng8 29.Ra3 Ne7 30.Rb3 Nxf5
31.gxf5 Bf6 32.Rg1 Rg8 33.a5 Rg7 34.Ne2 Rbg8 35.Ra3 Rh7 36.Nxf4 gxf4 37.Rxg8+ Kxg8
38.Qh5 Qe7 39.Ra1 Rg7 40.Rg1 Rxg1 41.Kxg1 Kg7 42.Kf1 Qe8 43.Qd1 Kh7 44.Qb3 Qe7
45.Qa4 Bg7 46.Qb3 Qh4 47.Qf3 Qe7 48.Qe2 Qg5 49.Qg4 Qe7 50.b3 Qc7 51.f3 Bf6
52.Qh5 Kg7 53.Be1 Qd8 54.Qg4+ Kh7 55.Qh5 Kg7  1/2-1/2

[Event "ch-Catalonia"]
[Site "Barcelona ESP"]
[Date "2007.04.01"]
[Round "1"]
[White "Collado Pallas,D"]
[Black "Corretja Torrens,J"]
[Result "1-0"]
[WhiteElo "2157"]
[BlackElo "1895"]

1.d4 Nf6 2.Nf3 g6 3.c4 Bg7 4.Nc3 O-O 5.e4 d6 6.Be2 e5 7.dxe5 dxe5 8.Bg5 Qe8
9.Qd2 Nc6 10.Bxf6 Bxf6 11.Nd5 Qd8 12.h4 h5 13.O-O-O Bg7 14.Qg5 Bg4 15.Qxd8 Raxd8
16.Nxc7 Bxf3 17.Bxf3 Nd4 18.Nd5 Kh8 19.Kb1 Bh6 20.Rd3 Rb8 21.Rhd1 b5 22.c5 b4
23.Rxd4 exd4 24.Rxd4 Rfc8 25.Rc4 b3 26.axb3 Rxb3 27.c6 Bg7 28.Rc2 a5 29.Be2 Be5
30.Ba6 Rcb8 31.Bb7 R3xb7 32.cxb7 Rxb7 33.Ka2 Kg7 34.b3 Rb8 35.Ka3 Bd6+ 36.Ka4 Ra8
37.f4 Re8 38.e5 Bb4 39.Nxb4 axb4 40.Kxb4 Rb8+ 41.Kc4 Kf8 42.b4 Rc8+ 43.Kd3 Rd8+
44.Ke4 Rb8 45.Rb2 Ke7 46.b5 Kd7 47.f5 gxf5+ 48.Kxf5 Rb6 49.g4 hxg4 50.Kxg4 Ke6
51.Kf4 Kd5 52.h5 Kd4 53.Rh2 Rxb5 54.h6 Rb1 55.h7  1-0

[Event "Bundesliga 2006-7"]
[Site "Muelheim GER"]
[Date "2007.04.01"]
[Round "15"]
[White "Golod,V"]
[Black "Muse,M"]
[Result "1-0"]
[WhiteElo "2597"]
[BlackElo "2445"]

1.d4 Nf6 2.c4 g6 3.Nc3 Bg7 4.e4 d6 5.Be2 O-O 6.Nf3 e5 7.O-O Na6 8.Be3 Ng4
9.Bg5 Qe8 10.c5 exd4 11.Nd5 Nxc5 12.Nxc7 Qxe4 13.Re1 d3 14.Bf1 Qc6 15.Nxa8 Be6
16.h3 Ne5 17.Nxe5 dxe5 18.Rc1 Qd6 19.Nc7 Qxc7 20.b4 h6 21.Rxc5 Qd6 22.Bd2 b6
23.Rc3 e4 24.Rxe4 Bxc3 25.Bxc3 Bf5 26.Rd4 Qc6 27.Qd2 Rc8 28.g4  1-0

[Event "Bundesliga 2006-7"]
[Site "Muelheim GER"]
[Date "2007.04.01"]
[Round "15"]
[White "Schebler,G"]
[Black "Pachow,J"]
[Result "1-0"]
[WhiteElo "2534"]
[BlackElo "2290"]

1.Nf3 Nf6 2.c4 g6 3.Nc3 Bg7 4.e4 d6 5.d4 O-O 6.Be2 e5 7.Be3 Ng4 8.Bg5 f6
9.Bc1 Nh6 10.h4 Nc6 11.d5 Ne7 12.Nh2 f5 13.g4 fxg4 14.Nxg4 Nxg4 15.Bxg4 h5
16.Bxc8 Qxc8 17.Bg5 Bf6 18.Be3 a6 19.Qe2 c5 20.a4 a5 21.Kd2 Qd7 22.Rag1 Kh7
23.Rxg6 Kxg6 24.Rg1+ Kf7 25.Qxh5+ Ng6 26.Rxg6 Rh8 27.Bh6  1-0

[Event "Bundesliga 2006-7"]
[Site "Muelheim GER"]
[Date "2007.04.01"]
[Round "15"]
[White "Kalinitschew,S"]
[Black "L'Ami,E"]
[Result "1-0"]
[WhiteElo "2471"]
[BlackElo "2594"]

1.d4 Nf6 2.c4 g6 3.Nc3 Bg7 4.e4 O-O 5.Nf3 d6 6.Be2 e5 7.Be3 Ng4 8.Bg5 f6
9.Bf4 g5 10.Bg3 Nh6 11.dxe5 fxe5 12.h4 g4 13.Nh2 Be6 14.Nd5 Qd7 15.Ne3 Nc6
16.Nhxg4 Nd4 17.Nh2 Kh8 18.Nf3 Nxe2 19.Qxe2 Ng4 20.Rc1 Nxe3 21.Qxe3 Bg4 22.Nh2 Bh5
23.Nf1 Rf6 24.Qd3 Qa4 25.a3 Bh6 26.Ne3 Rg8 27.O-O Rfg6 28.Nf5 Bxc1 29.Rxc1 Re8
30.c5 Qd7 31.cxd6 cxd6 32.Rc5 Be2 33.Qd2 Bb5 34.Rd5 Bc6 35.Nxd6 Ree6 36.Nc4 Qg7
37.Rd8+ Be8 38.Qc3 Qe7 39.Nxe5 Rg7 40.Rd5 h6 41.Kh2 Kh7 42.Qf3 Rf6 43.Qd3 Rf4
44.Bxf4 Qxh4+ 45.Kg1 Qxf4 46.Qf3 Qxf3 47.Nxf3 Bc6 48.Rd4 a5 49.Ne5  1-0

[Event "30th Open"]
[Site "San Sebastian ESP"]
[Date "2007.04.01"]
[Round "1"]
[White "Fogel,P"]
[Black "Puga Senar,F"]
[Result "1-0"]
[WhiteElo "2171"]
[BlackElo "1742"]

1.d4 Nf6 2.c4 g6 3.Nc3 Bg7 4.e4 d6 5.Nf3 O-O 6.Be2 Nbd7 7.O-O e5 8.Re1 Ne8
9.Bf1 c6 10.Bg5 f6 11.Bh4 Qe7 12.b4 exd4 13.Nxd4 Ne5 14.b5 Qf7 15.bxc6 bxc6
16.Qa4 c5 17.Nc2 f5 18.Nd5 Nf6 19.Bxf6 Bxf6 20.f4 Ng4 21.Rad1 fxe4 22.h3 Nh6
23.g4 Bh4 24.Rxe4 Bxg4 25.hxg4 Nxg4 26.Rd2 Qf5 27.Bg2 Rab8 28.Nce3 Rb1+ 29.Rd1 Bf2+
30.Kf1 Rxd1+ 31.Qxd1 Nxe3+ 32.Rxe3 Bh4 33.Bh3 Qf7  1-0

[Event "Vladimir Zak mem"]
[Site "St Petersburg RUS"]
[Date "2007.04.01"]
[Round "9"]
[White "Kozlov,M2"]
[Black "Gantsevich,A"]
[Result "0-1"]
[WhiteElo "2126"]
[BlackElo "1990"]

1.Nf3 Nf6 2.d4 g6 3.c4 Bg7 4.Nc3 d6 5.e4 O-O 6.Be2 e5 7.dxe5 dxe5 8.Qxd8 Rxd8
9.Nd5 Nxd5 10.cxd5 c6 11.Bc4 b5 12.Bb3 Bb7 13.Bg5 Rd7 14.Rc1 a5 15.a4 h6
16.axb5 cxd5 17.Bh4 dxe4 18.Nd2 a4 19.Ba2 a3 20.b4 Bf8 21.Ke2 Bxb4 22.Nc4 Rd4
23.Rhd1 Nd7 24.Bg3 Bd5 25.Nxe5 Rxd1 26.Rxd1 Bxa2 27.Rxd7 Be6 28.Rd1 a2 29.Ra1 Bc3
30.Nc6 Bc4+  0-1

[Event "ch-DEN"]
[Site "Aalborg DEN"]
[Date "2007.04.03"]
[Round "4"]
[White "Rasmussen,C"]
[Black "Hoi,C"]
[Result "1/2-1/2"]
[WhiteElo "2327"]
[BlackElo "2418"]

1.Nf3 Nf6 2.c4 g6 3.Nc3 Bg7 4.e4 d6 5.d4 O-O 6.Be2 e5 7.O-O Nbd7 8.Be3 h6
9.h3 exd4 10.Bxd4 Re8 11.Qc2 c6 12.Rad1 Qe7 13.Rfe1 Ne5 14.Nh2 g5 15.Nf1 b6
16.Ng3 Be6 17.c5 bxc5 18.Bxe5 dxe5 19.Na4 Nd7 20.b3 Bf8 21.Rc1 Rab8 22.Bg4 Rb4
23.Bxe6 fxe6 24.Nb2 Qf6 25.Nc4 Nb6 26.Nh5 Qg6 27.Nxe5 Qxh5 28.g4 Qxh3 29.Re3 Qh4
30.Rg3 Bd6 31.Nf3 Bxg3 32.Nxh4 Bxh4 33.f3 Nd7 34.Kg2 Rd4 35.Rd1 Ne5 36.Rxd4 cxd4
37.Qc5 Nf7 38.Qxd4 Rd8 39.Qc3 Rd1 40.Qc2 Rd6 41.Qc3 Rd1 42.a3 e5 43.b4 Rd6
44.a4 Kg7 45.a5 Rd4 46.a6 Rd6 47.Qe3 Rd7 48.Qc3 Rd4 49.Qc5 Rd2+ 50.Kf1 Rf2+
51.Kg1 Rxf3 52.Qxa7 Rg3+ 53.Kf1 Ra3 54.Qb6 Ra1+ 55.Ke2 Ra2+ 56.Kd3 Bf2 57.Qxc6 Bd4
58.Qb7 Rb2 59.Kc4 Kf6 60.Qc6+ Ke7 61.Qb7+ Ke6 62.Qc8+ Ke7 63.Qc7+ Ke6 64.Qc8+ Ke7
65.Qc7+  1/2-1/2

[Event "ch-DEN"]
[Site "Aalborg DEN"]
[Date "2007.04.03"]
[Round "4"]
[White "Pedersen,Stef"]
[Black "Jaksland,T"]
[Result "1-0"]
[WhiteElo "2439"]
[BlackElo "2297"]

1.d4 Nf6 2.c4 g6 3.Nc3 Bg7 4.e4 d6 5.Nf3 O-O 6.Be2 e5 7.Be3 Ng4 8.Bg5 f6
9.Bc1 f5 10.dxe5 dxe5 11.Qxd8 Rxd8 12.Nd5 Rd7 13.exf5 gxf5 14.Bg5 h6 15.Bh4 e4
16.Nd2 Kf7 17.O-O-O Nf6 18.f3 c6 19.Nxf6 Bxf6 20.Bxf6 exf3 21.Nxf3 Kxf6 22.Rdf1 Na6
23.Nh4 Re7 24.Bd3 Nb4 25.Bxf5 Bxf5 26.Nxf5 Rd7 27.Nxh6+ Kg6 28.Ng4 Re8 29.Nf6 Nd3+
30.Kb1  1-0

[Event "8th ch-Euro"]
[Site "Dresden GER"]
[Date "2007.04.03"]
[Round "1"]
[White "Solak,D"]
[Black "Bogner,S"]
[Result "1/2-1/2"]
[WhiteElo "2564"]
[BlackElo "2331"]

1.d4 Nf6 2.c4 g6 3.Nf3 Bg7 4.Nc3 O-O 5.e4 d6 6.Be2 e5 7.d5 a5 8.Be3 Ng4 9.Bg5 f6
10.Bd2 f5 11.Ng5 Nf6 12.exf5 gxf5 13.f4 h6 14.Nh3 Ne4 15.O-O Nxd2 16.Qxd2 Na6
17.Rad1 Nc5 18.Kh1 Bd7 19.fxe5 dxe5 20.Qe3 b6 21.d6 c6 22.Qg1 Ne6 23.g4 Nd4
24.gxf5 Nxe2 25.Nxe2 Qh4 26.Qg3 Qxc4 27.f6 Rf7 28.Nc3 Qg4 29.Qxg4 Bxg4 30.fxg7 Bxh3
31.Rxf7 Kxf7 32.Na4 Kxg7 33.Nxb6 Rd8 34.Kg1 Kf6 35.Kf2 Rb8 36.d7 Ke7 37.Ke3 Be6
38.Ke4 Kd8 39.Kxe5 Rxb6 40.Kxe6 Rxb2 41.Rg1 Kc7 42.Rd1 Re2+ 43.Kf5 Kd8 44.h4 Rh2
45.Kg4 Rxa2 46.Kh5 Ra4 47.Rh1 Kxd7 48.Kxh6 Rg4 49.Kh5 Rg8 50.Ra1 Ra8 51.Kg6 c5
52.h5 Kc6 53.h6 c4 54.h7 Kb5 55.Rb1+ Ka4 56.Ra1+ Kb4 57.Rb1+ Kc3 58.Ra1 Kb4
59.Rb1+ Kc5 60.Ra1 Kb4 61.Rb1+ Ka3 62.Ra1+ Kb4  1/2-1/2

[Event "8th ch-Euro"]
[Site "Dresden GER"]
[Date "2007.04.03"]
[Round "1"]
[White "Van Hoolandt,P"]
[Black "Mista,A"]
[Result "0-1"]
[WhiteElo "2257"]
[BlackElo "2542"]

1.d4 d6 2.c4 Nf6 3.Nc3 Nbd7 4.e4 e5 5.Nf3 g6 6.Be2 Bg7 7.O-O O-O 8.Qc2 c6
9.Rd1 Qe7 10.d5 c5 11.Bg5 h6 12.Bd2 Ne8 13.g3 Nb6 14.a4 Bg4 15.a5 Nxc4 16.Be1 b6
17.axb6 Nxb6 18.Nxe5 Bxe5 19.Bxg4 Nf6 20.Bh3 Rfe8 21.Ne2 Nfd7 22.f3 Bg7 23.Bxd7 Nxd7
24.Ra6 Ne5 25.Kg2 Qf6 26.Ng1 g5 27.Rda1 Qe7 28.Bc3 g4 29.fxg4 Nxg4 30.Qe2 Nf6
31.Bxf6 Qxf6 32.Rxa7 Rab8 33.Rf1 Rxb2 34.Rxf6 Rxe2+ 35.Nxe2 Bxf6 36.Kf3 Rb8
37.Ra2 Rb3+ 38.Kf2 Kg7 39.Rc2 Be5 40.Ra2 Kf6 41.Ra7 h5 42.h4 c4 43.Rc7 c3
44.Rc6 Ke7 45.Rc7+ Kd8 46.Rc6 Kd7 47.Rc4 Rb2 48.Ke3 c2 49.Kd3 Bxg3 50.Nxg3 Rb3+
51.Kxc2 Rxg3 52.Ra4 Rh3 53.Ra8 Ke7 54.Rh8 Rxh4 55.Kd3 Rh1 56.Rh6 h4 57.Ke2 h3
58.Kf2 h2 59.Rh4 Kf6 60.Kg2 Re1 61.Kxh2 Ke5 62.Rh7 Rf1 63.Rh6 f6 64.Kg2 Rf4
65.Rh5+ Kxe4 66.Kg3 Rf3+ 67.Kg2 Rf5 68.Rh1 Kxd5  0-1

[Event "LIII Mexican Open"]
[Site "Aguascalientes MEX"]
[Date "2007.04.04"]
[Round "2"]
[White "Perez,Pa"]
[Black "Zapata,Alo"]
[Result "0-1"]
[WhiteElo "2163"]
[BlackElo "2471"]

1.d4 Nf6 2.c4 g6 3.Nc3 Bg7 4.e4 d6 5.Nf3 O-O 6.Be2 e5 7.dxe5 dxe5 8.Qxd8 Rxd8
9.Bg5 Re8 10.h3 Na6 11.Be3 Bf8 12.O-O c6 13.a3 Nc5 14.Nd2 Ne6 15.Nb3 Nf4
16.Rfe1 Nxe2+ 17.Rxe2 b6 18.Rc2 Nh5 19.c5 Be6 20.Nd2 b5 21.a4 f5 22.f3 b4
23.Ne2 Rad8 24.Nf1 Rd3 25.Bf2 Bh6 26.Nfg3 Bb3 27.Nxh5 gxh5 28.Rcc1 Bxc1 29.Rxc1 fxe4  0-1

[Event "8th ch-Euro"]
[Site "Dresden GER"]
[Date "2007.04.04"]
[Round "2"]
[White "Wichmann,C"]
[Black "Fink,L"]
[Result "1/2-1/2"]
[WhiteElo "2419"]
[BlackElo "2064"]

1.d4 Nf6 2.Nf3 d6 3.c4 g6 4.Nc3 Bg7 5.e4 O-O 6.Be2 e5 7.Be3 Ng4 8.Bg5 f6
9.Bc1 Nc6 10.O-O Kh8 11.dxe5 dxe5 12.Qxd8 Nxd8 13.h3 Nh6 14.Be3 Ne6 15.Rfd1 f5
16.Ng5 Nd4 17.Bxd4 exd4 18.Nb5 c5 19.Bf3 Bf6 20.h4 Bxg5 21.hxg5 Nf7 22.exf5 Nxg5
23.Bd5 Bxf5 24.b4 cxb4 25.Rxd4 Rad8 26.Bxb7 Ne6 27.Rd6 Nc5 28.Bd5 Rxd6 29.Nxd6 a5
30.Re1 a4 31.Nxf5 gxf5 32.Rb1 b3 33.axb3 axb3 34.Bf3 Kg7 35.Kf1 Kf6 36.Bd1 Rb8
37.f4 Rb4 38.Ke2 Rxc4 39.Bxb3 Rxf4 40.Bd5  1/2-1/2

[Event "ch-DEN"]
[Site "Aalborg DEN"]
[Date "2007.04.05"]
[Round "6"]
[White "Pedersen,NicV"]
[Black "Damm,K"]
[Result "1/2-1/2"]
[WhiteElo "2466"]
[BlackElo "2270"]

1.d4 Nf6 2.c4 g6 3.Nc3 Bg7 4.e4 d6 5.Be2 O-O 6.Nf3 e5 7.Be3 Nc6 8.d5 Ne7
9.Nd2 Nd7 10.g4 f5 11.f3 a5 12.h4 Rf7 13.h5 f4 14.Bf2 Bf6 15.Qc2 gxh5 16.Rxh5 Ng6
17.O-O-O Bh4 18.Bxh4 Nxh4 19.Rh1 Ng6 20.Bf1 Rg7 21.Nd1 b6 22.Nf2 Nh8 23.Nd3 Nf8
24.Ne1 Bd7 25.Ng2 Nhg6 26.Nb1 Be8 27.R5h2 Qe7 28.Nc3 Qd8 29.Nd1 Qe7 30.Nf2 Qd8
31.Qd1 Kh8 32.Bd3 Rb8 33.Bc2 b5 34.cxb5 Bxb5 35.Ba4 Qd7 36.Bxb5 Qxb5 37.Nd3 c5
38.dxc6 Qxc6+ 39.Kb1 Ne6 40.Nge1 Nd4 41.Nc2 Nb5 42.Ka1 Nf8 43.Rh6 Qc4 44.Qd2 Ne6
45.Rc1 Ned4 46.Nxd4 Qxd4 47.Rch1 Qc4 48.Qh2 Qc7 49.g5 Nd4 50.g6 Nc2+ 51.Kb1 Na3+
52.Ka1 Nc2+ 53.Kb1 Na3+ 54.Ka1  1/2-1/2

[Event "8th ch-Euro"]
[Site "Dresden GER"]
[Date "2007.04.05"]
[Round "3"]
[White "Estremera Panos,S"]
[Black "Mista,A"]
[Result "1/2-1/2"]
[WhiteElo "2386"]
[BlackElo "2542"]

1.d4 Nf6 2.c4 g6 3.Nc3 Bg7 4.e4 d6 5.Nf3 O-O 6.Be2 e5 7.d5 Nbd7 8.Bg5 h6
9.Bh4 g5 10.Bg3 Nh5 11.h4 g4 12.Nh2 f5 13.exf5 Nc5 14.O-O Nxg3 15.fxg3 h5
16.b4 e4 17.f6 Rxf6 18.Qc2 Na6 19.Nxe4 Rf5 20.Rab1 Bd7 21.c5 Rxf1+ 22.Rxf1 Nxb4
23.Qb1 Bd4+ 24.Kh1 Qe7 25.Ng5 Rf8 26.cxd6 Rxf1+ 27.Nxf1 cxd6 28.Qxb4 Qxe2
29.Qxd4 Qxf1+ 30.Kh2 b6 31.Ne4 Be8 32.Nxd6 Bg6 33.Qe5 Qf8 34.Nc4 b5 35.Qg5 Qf5
36.Qd8+ Qf8 37.Qg5 Qf5 38.Qd8+ Qf8 39.Qg5  1/2-1/2

[Event "8th ch-Euro"]
[Site "Dresden GER"]
[Date "2007.04.05"]
[Round "3"]
[White "Gustafsson,J"]
[Black "Shomoev,A"]
[Result "1/2-1/2"]
[WhiteElo "2584"]
[BlackElo "2556"]

1.d4 Nf6 2.c4 g6 3.Nc3 Bg7 4.e4 d6 5.Nf3 O-O 6.Be2 e5 7.Be3 Ng4 8.Bg5 f6
9.Bc1 exd4 10.Nxd4 f5 11.h3 Nh6 12.exf5 Nxf5 13.Nxf5 Bxf5 14.O-O Nc6 15.Be3 Qf6
16.Rc1 Nd4 17.b3 Rae8 18.Nd5 Nxe2+ 19.Qxe2 Qf7 20.Qd2 Be4 21.f4 Re6 22.Bd4 Bxd5
23.cxd5 Bxd4+ 24.Qxd4 Re2 25.Rf2 Rxf2 26.Qxf2 Qxf4 27.Qxf4 Rxf4 28.Rxc7 Rf7
29.Rc8+ Rf8 30.Rc7 Rf7 31.Rc8+ Rf8 32.Rc7  1/2-1/2